000 00549nam a2200205Ia 4500
005 20250923144612.0
008 008 250917s9999 xx 000 0 eng d
037 _aTextual
040 _aDSWL
_beng
_cDSWL
041 _aeng
_2eng
084 _aY17, H2
_qDSWL
100 _aBenedict, Ruth
_9826528
245 0 _aRace and Racism
_cby Ruth Benedict
260 _aLondon
_b Routledge & Co.
_c1951
300 _aviii,175p.
365 _aINR
_b9.6
925 _g9.6
942 _cTEXL
_hY17, H2
999 _c1441040
_d1441040